Statistics for States and Provinces starting with S

Click here to take the quiz!

General Stats

  • This quiz has been taken 23 times
  • The average score is 5 of 7

Answer Stats

State or Province% Correct
South Carolina
100%
South Dakota
100%
Saskatchewan
91%
South Australia
77%
Sinaloa
45%
Sonora
45%
San Luis Potosí
36%

Score Distribution

Percentile by Number Answered

Percent of People with Each Score

Your Score History

You have not taken this quiz